[Event "Mittelfranken-chTB2b 1819"]
[Site "Mittelfranken"]
[Date "2019.04.28"]
[Round "9.2"]
[White "Nemeth Csoka, Mihaly"]
[Black "Huger, Horst"]
[Result "0-1"]
[WhiteElo "1777"]
[BlackElo "1854"]
[PlyCount "88"]
[EventDate "2018.10.14"]
[EventType "team-tourn"]
[EventRounds "9"]
[EventCountry "GER"]
[SourceTitle "EXT 2022"]
[Source "ChessBase"]
[SourceDate "2021.10.06"]
[SourceVersion "1"]
[SourceVersionDate "2021.10.06"]
[SourceQuality "1"]
[WhiteTeam "Grossenseebach"]
[BlackTeam "Nuernberg SK 1911 II"]
[WhiteTeamCountry "GER"]
[BlackTeamCountry "GER"]

1. e4 g6 2. d4 Bg7 3. Bc4 c5 4. c3 Qb6 5. Ne2 cxd4 6. Nxd4 Nc6 7. Nf3 Nf6 8. 0-0 Nxe4 9. Bxf7+ Kxf7 10. Qd5+ e6 11. Qxe4 Rf8 12. Na3 d5 13. Qh4 Kg8 14. Nc2 Bd7 15. Ng5 h6 16. Nh3 e5 17. Bxh6 Bxh3 18. Qxh3 Qxb2 19. Ne3 d4 20. Rab1 Qxa2 21. Rxb7 Rf7 22. Bxg7 Kxg7 23. Ng4 Rxb7 24. Qh6+ Kg8 25. Nf6+ Kf7 26. Qh7+ Kxf6 27. Qxb7 Rd8 28. Qxc6+ Qe6 29. Qf3+ Ke7 30. cxd4 exd4 31. Qa3+ Kf6 32. Qxa7 d3 33. Qa1+ Kf7 34. Re1 Qd5 35. Qd1 Ra8 36. Qf3+ Qxf3 37. gxf3 Kf6 38. Rd1 Rd8 39. Kg2 Ke5 40. Kg3 d2 41. f4+ Ke4 42. Kg4 Rd5 43. h4 Kd3 44. f5 Rxf5 0-1

[Event "Mittelfranken-chTB1 1819"]
[Site "Mittelfranken"]
[Date "2019.02.10"]
[Round "5.7"]
[White "Huger, Horst"]
[Black "Ruderer, Thomas"]
[Result "1-0"]
[WhiteElo "1854"]
[BlackElo "1674"]
[PlyCount "79"]
[EventDate "2018.10.14"]
[EventType "team-tourn"]
[EventRounds "9"]
[EventCountry "GER"]
[SourceTitle "EXT 2022"]
[Source "ChessBase"]
[SourceDate "2021.10.06"]
[SourceVersion "1"]
[SourceVersionDate "2021.10.06"]
[SourceQuality "1"]
[WhiteTeam "Nuernberg SK 1911"]
[BlackTeam "Heideck/Hilpoltstein"]
[WhiteTeamCountry "GER"]
[BlackTeamCountry "GER"]

1. e4 d6 2. d4 Nf6 3. Nc3 g6 4. Nf3 Bg7 5. Be2 Nbd7 6. 0-0 0-0 7. h3 e5 8. Bg5 h6 9. Be3 Nh5 10. Qd2 g5 11. Rad1 Nf4 12. Bc4 c6 13. Bb3 Qe7 14. g3 Ne6 15. d5 Nec5 16. dxc6 Nxb3 17. axb3 Nb8 18. Nd5 Qe6 19. g4 Na6 20. Nb4 bxc6 21. Nxc6 Bb7 22. Nxa7 Bxe4 23. Qe2 d5 24. Ra1 Nb4 25. Bc5 Bxf3 26. Qxf3 Nxc2 27. Bxf8 Bxf8 28. Ra4 Bc5 29. Nb5 Rb8 30. Nc7 Qc6 31. Nxd5 Rc8 32. Nf6+ Kg7 33. Qxc6 Rxc6 34. Ne4 Bd4 35. Rc4 Rxc4 36. bxc4 Bxb2 37. Rb1 Bd4 38. c5 Na3 39. c6 Nxb1 40. c7 1-0

[Event "Mittelfranken-chTB2b 1819"]
[Site "Mittelfranken"]
[Date "2018.12.02"]
[Round "3.1"]
[White "Johanni, Harald"]
[Black "Huger, Horst"]
[Result "1-0"]
[WhiteElo "1892"]
[BlackElo "1854"]
[PlyCount "105"]
[EventDate "2018.10.14"]
[EventType "team-tourn"]
[EventRounds "9"]
[EventCountry "GER"]
[SourceTitle "EXT 2022"]
[Source "ChessBase"]
[SourceDate "2021.10.06"]
[SourceVersion "1"]
[SourceVersionDate "2021.10.06"]
[SourceQuality "1"]
[WhiteTeam "Nuernberg Anderssen"]
[BlackTeam "Nuernberg SK 1911 II"]
[WhiteTeamCountry "GER"]
[BlackTeamCountry "GER"]

1. e4 c6 2. d4 d5 3. Nc3 dxe4 4. Nxe4 Bf5 5. Ng3 Bg6 6. h4 h6 7. Nf3 Nf6 8. Bc4 e6 9. Ne5 Bh7 10. c3 Bd6 11. f4 Qe7 12. Qe2 Nbd7 13. Bd2 Nd5 14. Bd3 Bxd3 15. Nxd3 Qf6 16. Ne4 Qe7 17. 0-0-0 0-0-0 18. c4 Nb4 19. Nxd6+ Qxd6 20. Nxb4 Qxd4 21. Be3 Qe4 22. Rd4 Qg6 23. Rd2 Kc7 24. Rhd1 c5 25. Nd3 b6 26. Qf3 f6 27. g4 Qf7 28. Nf2 e5 29. Qe4 Rhe8 30. Qc2 Nb8 31. a3 Nc6 32. Rxd8 Rxd8 33. Rxd8 Kxd8 34. Qe4 Kc7 35. b3 Kd6 36. Kb2 a6 37. Nd3 Qe6 38. f5 Qf7 39. h5 Na5 40. Kc3 Nc6 41. b4 Nd4 42. Bxd4 cxd4+ 43. Kb3 b5 44. Nb2 Kc7 45. Qa8 Kb6 46. Qb8+ Kc6 47. Qc8+ Kb6 48. Qe6+ Qxe6 49. fxe6 Kc7 50. c5 e4 51. Kc2 Kc6 52. Kd2 Kc7 53. Ke2 1-0

[Event "Mittelfranken-chTB1 1819"]
[Site "Mittelfranken"]
[Date "2018.10.14"]
[Round "1.8"]
[White "Huger, Horst"]
[Black "Hetzner, Helmut"]
[Result "0-1"]
[WhiteElo "1854"]
[BlackElo "1873"]
[PlyCount "74"]
[EventDate "2018.10.14"]
[EventType "team-tourn"]
[EventRounds "9"]
[EventCountry "GER"]
[SourceTitle "EXT 2022"]
[Source "ChessBase"]
[SourceDate "2021.10.06"]
[SourceVersion "1"]
[SourceVersionDate "2021.10.06"]
[SourceQuality "1"]
[WhiteTeam "Nuernberg SK 1911"]
[BlackTeam "Muehlhof/Schwabach"]
[WhiteTeamCountry "GER"]
[BlackTeamCountry "GER"]

1. e4 e6 2. d3 d5 3. Nd2 c5 4. g3 Nc6 5. Bg2 Be7 6. Ngf3 Nf6 7. 0-0 0-0 8. Re1 Qc7 9. a4 b6 10. Qe2 Nb4 11. Nf1 Ba6 12. e5 Nd7 13. Bf4 Rac8 14. Ne3 c4 15. Nd4 cxd3 16. cxd3 Nxd3 17. Qg4 N3xe5 18. Bxe5 Nxe5 19. Qh3 Bf6 20. Nxe6 fxe6 21. Qxe6+ Kh8 22. Nxd5 Qf7 23. Qxf7 Rxf7 24. Bh3 Rd8 25. Red1 Bb7 26. Nxf6 Rxd1+ 27. Rxd1 gxf6 28. f4 Nc6 29. Rd6 Kg7 30. Bd7 Nb4 31. f5 Re7 32. Be6 Rc7 33. b3 Nc6 34. Kf2 Ne5 35. h3 Bc8 36. Ke3 Bxe6 37. fxe6 Kf8 0-1

[Event "Regionalliga Nord-Ost 1718"]
[Site "Bayern"]
[Date "2018.04.15"]
[Round "9.6"]
[White "Paar, Johannes"]
[Black "Huger, Horst"]
[Result "1-0"]
[WhiteElo "1975"]
[BlackElo "1852"]
[PlyCount "45"]
[EventDate "2017.10.22"]
[EventType "team-tourn"]
[EventRounds "9"]
[EventCountry "GER"]
[SourceTitle "EXT 2022"]
[Source "ChessBase"]
[SourceDate "2021.10.06"]
[SourceVersion "1"]
[SourceVersionDate "2021.10.06"]
[SourceQuality "1"]
[WhiteTeam "Schwandorf"]
[BlackTeam "Nuernberg SK 1911"]
[WhiteTeamCountry "GER"]
[BlackTeamCountry "GER"]

1. e4 c6 2. d4 d5 3. Nd2 dxe4 4. Nxe4 Nd7 5. Nf3 Ngf6 6. Ng3 e6 7. Bd3 c5 8. 0-0 Qb6 9. c3 Be7 10. Qe2 0-0 11. Re1 cxd4 12. Nxd4 Nc5 13. Bc2 Bd7 14. Nh5 Rfe8 15. Nxf6+ Bxf6 16. Be3 Qc7 17. Rad1 e5 18. Nf5 e4 19. Nd6 Re6 20. Bxc5 Qxc5 21. Nxe4 Qe7 22. Nxf6+ Qxf6 23. Qd3 1-0

[Event "Regionalliga Nord-Ost 1718"]
[Site "Bayern"]
[Date "2017.10.22"]
[Round "1.7"]
[White "Muskat, Gunter"]
[Black "Huger, Horst"]
[Result "1-0"]
[WhiteElo "1986"]
[BlackElo "1852"]
[PlyCount "97"]
[EventDate "2017.10.22"]
[EventType "team-tourn"]
[EventRounds "9"]
[EventCountry "GER"]
[SourceTitle "EXT 2022"]
[Source "ChessBase"]
[SourceDate "2021.10.06"]
[SourceVersion "1"]
[SourceVersionDate "2021.10.06"]
[SourceQuality "1"]
[WhiteTeam "Buechenbach/Roth"]
[BlackTeam "Nuernberg SK 1911"]
[WhiteTeamCountry "GER"]
[BlackTeamCountry "GER"]

1. c4 c6 2. g3 d5 3. Nf3 Nf6 4. Bg2 e6 5. 0-0 Nbd7 6. b3 b6 7. Bb2 Be7 8. d3 Bb7 9. Nbd2 c5 10. cxd5 exd5 11. d4 0-0 12. e3 Rc8 13. Rc1 Re8 14. Bh3 Bd6 15. dxc5 Nxc5 16. Nb1 Nfe4 17. Qd4 f6 18. Bxc8 Bxc8 19. Qxd5+ Kh8 20. Qh5 Nd3 21. Rc2 Nxb2 22. Rxb2 Bc5 23. Nfd2 Ng5 24. b4 Re5 25. Qe2 Bb7 26. e4 Bd4 27. Rc2 Qd7 28. Kh1 Nxe4 29. Nxe4 Rxe4 30. Qc4 Re8+ 31. f3 Qh3 32. Rg2 Be5 33. Qf7 Bc6 34. Nd2 h5 35. Qc4 Ba8 36. Qh4 Qxh4 37. gxh4 Bc3 38. a3 Re3 39. Ne4 Rxe4 40. fxe4 Bxe4 41. Rc1 Bb2 42. Rc8+ Kh7 43. a4 f5 44. Kg1 Bxg2 45. Kxg2 Bf6 46. Ra8 Bxh4 47. Rxa7 Be1 48. a5 Bxb4 49. a6 1-0

[Event "Mittelfranken-chT2b 1617"]
[Site "Mittelfranken"]
[Date "2017.03.26"]
[Round "8.3"]
[White "Wegmann, Wolfgang"]
[Black "Huger, Horst"]
[Result "0-1"]
[WhiteElo "1896"]
[BlackElo "1887"]
[PlyCount "84"]
[EventDate "2016.10.23"]
[EventType "team-tourn"]
[EventRounds "9"]
[EventCountry "GER"]
[SourceTitle "EXT 2022"]
[Source "ChessBase"]
[SourceDate "2021.10.06"]
[SourceVersion "1"]
[SourceVersionDate "2021.10.06"]
[SourceQuality "1"]
[WhiteTeam "Heideck/Hilpoltstein"]
[BlackTeam "Nuernberg SK 1911 II"]
[WhiteTeamCountry "GER"]
[BlackTeamCountry "GER"]

1. c4 c6 2. g3 d5 3. Nf3 e6 4. Bg2 Nf6 5. Qc2 Be7 6. b3 Nbd7 7. Bb2 0-0 8. 0-0 h6 9. d3 Re8 10. e4 Nf8 11. Nbd2 b6 12. Ne5 Bb7 13. f4 Rc8 14. g4 N6d7 15. Ndf3 Nxe5 16. Nxe5 Nd7 17. Nxd7 Qxd7 18. f5 Bg5 19. Rad1 e5 20. Kh1 d4 21. Qf2 Qe7 22. Bf3 c5 23. Bc1 a6 24. Bxg5 hxg5 25. Kg2 b5 26. Rh1 Bc6 27. h4 gxh4 28. Rxh4 Qg5 29. Rh5 Qf4 30. Qh4 f6 31. Rh8+ Kf7 32. Qh5+ Ke7 33. Rh7 Rg8 34. Qg6 Kf8 35. Rh5 bxc4 36. bxc4 Rb8 37. Rh3 Rb2+ 38. Kh1 Be8 39. Qh7 Rf2 40. Bg2 Qxg4 41. Rg1 Qe2 42. Bf1 Rxf1 0-1

[Event "Mittelfranken-chT2b 1617"]
[Site "Mittelfranken"]
[Date "2016.12.11"]
[Round "4.1"]
[White "Huger, Horst"]
[Black "Beesk, Kevin"]
[Result "0-1"]
[WhiteElo "1887"]
[BlackElo "2007"]
[PlyCount "58"]
[EventDate "2016.10.23"]
[EventType "team-tourn"]
[EventRounds "9"]
[EventCountry "GER"]
[SourceTitle "EXT 2022"]
[Source "ChessBase"]
[SourceDate "2021.10.06"]
[SourceVersion "1"]
[SourceVersionDate "2021.10.06"]
[SourceQuality "1"]
[WhiteTeam "Nuernberg SK 1911 II"]
[BlackTeam "Neumarkt"]
[WhiteTeamCountry "GER"]
[BlackTeamCountry "GER"]

1. e4 c5 2. Nf3 e6 3. d4 cxd4 4. Nxd4 Nc6 5. Nc3 Qc7 6. Be3 a6 7. Qd2 Nf6 8. 0-0-0 Be7 9. Bf4 e5 10. Nxc6 bxc6 11. Bg5 h6 12. Be3 Ng4 13. Bc4 Nxe3 14. fxe3 0-0 15. Rhf1 d6 16. Rxf7 Rxf7 17. Nd5 cxd5 18. Qxd5 Bb7 19. Qxf7+ Kh8 20. Bd3 Rf8 21. Qe6 Rf6 22. Qg4 Bc8 23. Qh5 Kh7 24. g4 Rf3 25. g5 Rxe3 26. Qf7 Bxg5 27. Qxc7 Rxd3+ 28. Rd2 Rxd2 29. Qxc8 Rd4+ 0-1

[Event "Mittelfranken-chT2b 1617"]
[Site "Mittelfranken"]
[Date "2016.11.13"]
[Round "2.2"]
[White "Balle, Alfred"]
[Black "Huger, Horst"]
[Result "0-1"]
[WhiteElo "1834"]
[BlackElo "1887"]
[PlyCount "84"]
[EventDate "2016.10.23"]
[EventType "team-tourn"]
[EventRounds "9"]
[EventCountry "GER"]
[SourceTitle "EXT 2022"]
[Source "ChessBase"]
[SourceDate "2021.10.06"]
[SourceVersion "1"]
[SourceVersionDate "2021.10.06"]
[SourceQuality "1"]
[WhiteTeam "Forchheim SC III"]
[BlackTeam "Nuernberg SK 1911 II"]
[WhiteTeamCountry "GER"]
[BlackTeamCountry "GER"]

1. e4 c6 2. d4 d5 3. exd5 cxd5 4. Bd3 Nc6 5. c3 Nf6 6. h3 Qc7 7. Nf3 e6 8. 0-0 Bd6 9. Re1 h6 10. Qe2 Bd7 11. Ne5 Bxe5 12. dxe5 Ng8 13. Bf4 Nge7 14. Qg4 0-0-0 15. Qxg7 Rdg8 16. Qf6 Ng6 17. Bg3 Rh7 18. Nd2 Rhg7 19. Nf3 h5 20. h4 Qb6 21. Ng5 Nce7 22. Kh2 Be8 23. b3 Kb8 24. Rad1 Bc6 25. Nxf7 Nxh4 26. Qxe7 Rxg3 27. fxg3 Nf3+ 28. Kh3 Qf2 29. Qd8+ Rxd8 30. Rf1 Qc5 31. Nxd8 Ng5+ 32. Kh4 Be8 33. Kxg5 Qe7+ 34. Rf6 Qxd8 35. Kf4 Qb6 36. Rd2 Qg1 37. Rc2 Bd7 38. Kg5 Qe3+ 39. Kxh5 Qxd3 40. Rcf2 Qxg3 41. Re2 Be8+ 42. Kh6 Kc7 0-1

[Event "Mittelfranken-chTB2b 1516"]
[Site "Mittelfranken"]
[Date "2016.02.14"]
[Round "6.3"]
[White "Wegmann, Wolfgang"]
[Black "Huger, Horst"]
[Result "1-0"]
[WhiteElo "1907"]
[BlackElo "1844"]
[PlyCount "67"]
[EventDate "2015.10.18"]
[EventType "team-tourn"]
[EventRounds "9"]
[EventCountry "GER"]
[SourceTitle "EXT 2020"]
[Source "ChessBase"]
[SourceDate "2019.10.17"]
[SourceVersion "1"]
[SourceVersionDate "2019.10.17"]
[SourceQuality "1"]
[WhiteTeam "Heideck/Hilpoltstein"]
[BlackTeam "Nuernberg SK 1911 II"]
[WhiteTeamCountry "GER"]
[BlackTeamCountry "GER"]

1. c4 c6 2. g3 d5 3. Qc2 e5 4. d3 Be6 5. Bg2 Nf6 6. e4 dxc4 7. dxc4 Qd4 8. Nf3 Bb4+ 9. Bd2 Qc5 10. a3 Bxd2+ 11. Nbxd2 Nbd7 12. 0-0 0-0 13. b4 Qb6 14. c5 Qc7 15. h3 a5 16. Ng5 b5 17. Nxe6 fxe6 18. Qb3 Rfd8 19. Rad1 Nf8 20. Nb1 axb4 21. axb4 Rd4 22. Rxd4 exd4 23. Rd1 Rd8 24. f4 Qf7 25. Qb2 e5 26. fxe5 Nh5 27. Kh2 Ne6 28. Rd3 Qc7 29. Qb3 Qxe5 30. Rf3 Nf6 31. Rf5 Qc7 32. Qxe6+ Kh8 33. e5 Ng8 34. Rf2 1-0

[Event "Mittelfranken-chTB2a 1213"]
[Site "Germany"]
[Date "2012.12.16"]
[Round "5.5"]
[White "Puehn, Georg"]
[Black "Huger, Horst"]
[Result "1-0"]
[WhiteElo "1989"]
[BlackElo "1812"]
[PlyCount "59"]
[EventDate "2012.10.07"]
[EventType "team-tourn"]
[EventRounds "9"]
[EventCountry "GER"]
[SourceTitle "EXT 2019"]
[Source "ChessBase"]
[SourceDate "2018.10.10"]
[SourceVersion "1"]
[SourceVersionDate "2018.10.10"]
[SourceQuality "1"]
[WhiteTeam "Nuernberg NT V"]
[BlackTeam "Nuernberg SK 1911 II"]
[WhiteTeamCountry "GER"]
[BlackTeamCountry "GER"]

1. e4 c6 2. d4 d5 3. e5 Bf5 4. Nf3 e6 5. Be2 c5 6. 0-0 Nc6 7. Be3 cxd4 8. Nxd4 Nge7 9. g4 Bg6 10. f4 Qc7 11. Nb5 Qd7 12. Nd6+ Kd8 13. c4 Nc8 14. cxd5 exd5 15. f5 Nxd6 16. exd6 Bxd6 17. Bf4 d4 18. Bxd6 Qxd6 19. Na3 f6 20. fxg6 hxg6 21. Rf2 Ke7 22. Nc4 Qc7 23. Rc1 Rh4 24. Bf3 Rah8 25. Qe2+ Kf7 26. Bd5+ Kf8 27. Re1 Ne7 28. Qe6 Rxg4+ 29. Kf1 Ke8 30. Nd6+ 1-0

[Event "Mittelfranken-chTB2a 1213"]
[Site "Germany"]
[Date "2012.11.18"]
[Round "3.3"]
[White "Wittmann, Paul"]
[Black "Huger, Horst"]
[Result "1/2-1/2"]
[WhiteElo "2129"]
[BlackElo "1812"]
[PlyCount "131"]
[EventDate "2012.10.07"]
[EventType "team-tourn"]
[EventRounds "9"]
[EventCountry "GER"]
[SourceTitle "EXT 2019"]
[Source "ChessBase"]
[SourceDate "2018.10.10"]
[SourceVersion "1"]
[SourceVersionDate "2018.10.10"]
[SourceQuality "1"]
[WhiteTeam "Nuernberg Zabo"]
[BlackTeam "Nuernberg SK 1911 II"]
[WhiteTeamCountry "GER"]
[BlackTeamCountry "GER"]

1. d4 d5 2. Nf3 Nf6 3. Bf4 c5 4. c3 Nc6 5. e3 e6 6. Bd3 Be7 7. Nbd2 Bd7 8. Ne5 Rc8 9. 0-0 0-0 10. Qf3 Ne8 11. Qh3 f5 12. g4 cxd4 13. exd4 Nxe5 14. Bxe5 Qb6 15. gxf5 exf5 16. Qf3 Qg6+ 17. Qg3 Qb6 18. Qf3 Qg6+ 19. Qg2 Qxg2+ 20. Kxg2 Nf6 21. Rae1 Ne4 22. Re2 Rc6 23. f3 Rg6+ 24. Kh1 Ng5 25. Rg1 Ne6 26. Rxg6 hxg6 27. Kg2 Kf7 28. f4 Rh8 29. Nf3 Bf6 30. Kg3 Rh5 31. h4 Bc6 32. Ng5+ Bxg5 33. fxg5 Rh8 34. Rh2 Rh5 35. Be2 Rh8 36. Bd3 Rh5 37. a3 Ba4 38. Be2 Rh8 39. h5 gxh5 40. Bxh5+ Kg8 41. Bf7+ Kxf7 42. Rxh8 Nxg5 43. Rb8 Bc6 44. Rc8 Ne4+ 45. Kf3 g5 46. Rc7+ Ke6 47. Rh7 Nd2+ 48. Ke2 Ne4 49. Rh6+ Kf7 50. Ke3 f4+ 51. Kf3 Nd2+ 52. Kg4 f3 53. Rh2 Bd7+ 54. Kg3 Nf1+ 55. Kxf3 Nxh2+ 56. Bxh2 Kg6 57. Bc7 Ba4 58. Bd6 Kf5 59. Bc7 Bd1+ 60. Ke3 Kg4 61. Bd6 Bc2 62. Bc7 Kf5 63. Bd6 a6 64. Bc7 Ke6 65. Bd8 g4 66. Bc7 1/2-1/2

[Event "Mittelfranken-chTB2a 1213"]
[Site "Germany"]
[Date "2012.10.21"]
[Round "2.4"]
[White "Straschewski, Joerg"]
[Black "Huger, Horst"]
[Result "1/2-1/2"]
[WhiteElo "2008"]
[BlackElo "1812"]
[PlyCount "101"]
[EventDate "2012.10.07"]
[EventType "team-tourn"]
[EventRounds "9"]
[EventCountry "GER"]
[SourceTitle "EXT 2019"]
[Source "ChessBase"]
[SourceDate "2018.10.10"]
[SourceVersion "1"]
[SourceVersionDate "2018.10.10"]
[SourceQuality "1"]
[WhiteTeam "Cadolzburg"]
[BlackTeam "Nuernberg SK 1911 II"]
[WhiteTeamCountry "GER"]
[BlackTeamCountry "GER"]

1. d4 d5 2. c4 c6 3. Nc3 Nf6 4. cxd5 cxd5 5. Nf3 Nc6 6. Bf4 Bf5 7. e3 e6 8. Ne5 Nd7 9. Nxc6 bxc6 10. Be2 Be7 11. 0-0 0-0 12. Rc1 c5 13. Nb5 Bg6 14. Bc7 Qc8 15. Bd6 Bf6 16. Bxf8 Qxf8 17. Bd3 a6 18. Bxg6 axb5 19. Bb1 cxd4 20. Qd3 g6 21. Qxb5 dxe3 22. fxe3 Qd6 23. b3 Bg5 24. Rfe1 Nf6 25. Qc6 Qxc6 26. Rxc6 Ng4 27. h3 Bxe3+ 28. Kf1 Ne5 29. Rc7 d4 30. a4 Kg7 31. Rxe3 dxe3 32. Ke2 Ra6 33. Kxe3 Rb6 34. Bc2 Nc6 35. Bd1 Na5 36. Rc3 Kf6 37. Kd3 e5 38. Kc2 Nc6 39. Bf3 Nb4+ 40. Kb2 Ke6 41. Ka3 f5 42. a5 Rb8 43. a6 e4 44. Be2 Nxa6 45. Rc6+ Ke5 46. Rxa6 Kf4 47. Kb2 Kg3 48. Bf1 Kf2 49. Ra1 e3 50. Kc3 Rc8+ 51. Kd3 1/2-1/2

[Event "Mittelfranken-chTB2b 1011"]
[Site "Germany"]
[Date "2011.05.15"]
[Round "9.6"]
[White "Huger, Horst"]
[Black "Balhar, Rudolf"]
[Result "1/2-1/2"]
[WhiteElo "1741"]
[BlackElo "1867"]
[PlyCount "142"]
[EventDate "2010.09.26"]
[EventType "team-tourn"]
[EventRounds "9"]
[EventCountry "GER"]
[SourceTitle "EXT 2012"]
[Source "ChessBase"]
[SourceDate "2011.11.24"]
[SourceVersion "1"]
[SourceVersionDate "2011.11.24"]
[SourceQuality "1"]
[WhiteTeam "Nuernberg SK 1911 II"]
[BlackTeam "Erlangen Siemens"]
[WhiteTeamCountry "GER"]
[BlackTeamCountry "GER"]

1. e4 e5 2. Nf3 Nf6 3. Nxe5 d6 4. Nf3 Nxe4 5. Nc3 Nxc3 6. dxc3 Be7 7. Be3 Nc6 8. Qd2 Be6 9. 0-0-0 a6 10. Kb1 Qd7 11. Bd3 h6 12. h3 0-0-0 13. Qe2 Nb8 14. Rhe1 Bf6 15. Nd4 Rhe8 16. Qf3 d5 17. Nxe6 fxe6 18. Bd4 Rf8 19. Qg3 Bxd4 20. cxd4 Nc6 21. c3 Rf6 22. f4 Rdf8 23. Rf1 Qf7 24. Qe3 Nd8 25. g3 Kb8 26. b3 Qh5 27. Rde1 Kc8 28. h4 Qf7 29. Rg1 a5 30. Bf1 Qe7 31. Kb2 Qd6 32. Bh3 Kb8 33. Qe5 g6 34. Rg2 Kc8 35. Rge2 Kd7 36. Qxd6+ Kxd6 37. Re5 b6 38. Ka3 R8f7 39. Ka4 c6 40. b4 axb4 41. cxb4 Ra7+ 42. Kb3 b5 43. Rd1 Ra4 44. Rde1 Ra7 45. a3 Re7 46. Ra1 Ra7 47. Re2 Ra4 48. Rae1 Ra7 49. Ra2 Ra4 50. Bg4 Rf7 51. Rea1 Rfa7 52. Bd1 Nf7 53. Bc2 g5 54. fxg5 hxg5 55. h5 Nh6 56. Kc3 R4a6 57. Bd3 Ra4 58. Kb3 Rf7 59. Rc2 Rf3 60. Rc3 Rxg3 61. Rf1 Ke7 62. Re1 Ra8 63. Rxc6 Rxd3+ 64. Kc2 Raxa3 65. Rexe6+ Kf7 66. Rf6+ Ke7 67. Rxh6 Kd7 68. Rcd6+ Ke7 69. Rb6 Rac3+ 70. Kb2 Rb3+ 71. Kc2 Rbc3+ 1/2-1/2

[Event "Mittelfranken-chTB2b 1011"]
[Site "Germany"]
[Date "2011.02.13"]
[Round "6.6"]
[White "Huger, Horst"]
[Black "Ross, Sandra"]
[Result "1-0"]
[WhiteElo "1741"]
[BlackElo "1721"]
[PlyCount "79"]
[EventDate "2010.09.26"]
[EventType "team-tourn"]
[EventRounds "9"]
[EventCountry "GER"]
[SourceTitle "EXT 2012"]
[Source "ChessBase"]
[SourceDate "2011.11.24"]
[SourceVersion "1"]
[SourceVersionDate "2011.11.24"]
[SourceQuality "1"]
[WhiteTeam "Nuernberg SK 1911 II"]
[BlackTeam "Buechenbach/Roth II"]
[WhiteTeamCountry "GER"]
[BlackTeamCountry "GER"]

1. e4 e5 2. Nf3 Nc6 3. d4 exd4 4. Nxd4 Nf6 5. Nxc6 bxc6 6. e5 Qe7 7. Qe2 Nd5 8. c4 Ba6 9. b3 g6 10. g3 Bg7 11. Bb2 0-0 12. Bg2 Rfe8 13. 0-0 Bxe5 14. Bxe5 Qxe5 15. Qxe5 Rxe5 16. cxd5 Bxf1 17. Kxf1 cxd5 18. f4 Re3 19. Bxd5 Rae8 20. Nd2 Rd3 21. Ne4 Kg7 22. Bc4 Rd4 23. Nc3 c6 24. Rd1 Rxd1+ 25. Nxd1 h5 26. Nf2 Re3 27. Nd3 d5 28. Ba6 Re6 29. Kf2 Kf6 30. Bb7 Ke7 31. Ne5 Kd6 32. Nxf7+ Kc5 33. Ne5 Kb6 34. Bxc6 Rxc6 35. Nxc6 Kxc6 36. Ke3 Kc5 37. h3 Kb4 38. g4 Ka3 39. f5 gxf5 40. gxf5 1-0

[Event "Mittelfranken-chTB2b 1011"]
[Site "Germany"]
[Date "2010.12.05"]
[Round "4.7"]
[White "Metzenroth, Dieter"]
[Black "Huger, Horst"]
[Result "1-0"]
[WhiteElo "1795"]
[BlackElo "1741"]
[PlyCount "75"]
[EventDate "2010.09.26"]
[EventType "team-tourn"]
[EventRounds "9"]
[EventCountry "GER"]
[SourceTitle "EXT 2012"]
[Source "ChessBase"]
[SourceDate "2011.11.24"]
[SourceVersion "1"]
[SourceVersionDate "2011.11.24"]
[SourceQuality "1"]
[WhiteTeam "Cadolzburg"]
[BlackTeam "Nuernberg SK 1911 II"]
[WhiteTeamCountry "GER"]
[BlackTeamCountry "GER"]

1. d4 d5 2. Bf4 Nf6 3. e3 e6 4. Nf3 Bd6 5. Bg3 0-0 6. Nbd2 c5 7. c3 a6 8. Bd3 Nc6 9. Ne5 Bxe5 10. dxe5 Nd7 11. Nf3 Rb8 12. 0-0 b5 13. Bc2 Re8 14. e4 Bb7 15. exd5 exd5 16. e6 Rxe6 17. Bxb8 Ncxb8 18. Re1 Nf8 19. Qd2 Nbd7 20. Rxe6 fxe6 21. Re1 Qf6 22. Qe2 Bc8 23. a4 c4 24. axb5 axb5 25. h3 Kf7 26. Ne5+ Nxe5 27. Qxe5 Qxe5 28. Rxe5 Kf6 29. f4 g5 30. g3 h5 31. Rxg5 b4 32. Kf2 b3 33. Bb1 e5 34. Rxe5 Bxh3 35. Rxd5 h4 36. gxh4 Ne6 37. Kg3 Bf1 38. h5 1-0

[Event "Mittelfranken-chTB2b 1011"]
[Site "Germany"]
[Date "2010.11.21"]
[Round "3.7"]
[White "Huger, Horst"]
[Black "Arlt, Birgit"]
[Result "1-0"]
[WhiteElo "1741"]
[BlackElo "1687"]
[PlyCount "81"]
[EventDate "2010.09.26"]
[EventType "team-tourn"]
[EventRounds "9"]
[EventCountry "GER"]
[SourceTitle "EXT 2012"]
[Source "ChessBase"]
[SourceDate "2011.11.24"]
[SourceVersion "1"]
[SourceVersionDate "2011.11.24"]
[SourceQuality "1"]
[WhiteTeam "Nuernberg SK 1911 II"]
[BlackTeam "Schwanstetten"]
[WhiteTeamCountry "GER"]
[BlackTeamCountry "GER"]

1. e4 e5 2. Nf3 Nc6 3. d4 exd4 4. Nxd4 Nxd4 5. Qxd4 d6 6. Nc3 Be6 7. Bf4 Ne7 8. 0-0-0 Nc6 9. Bb5 a6 10. Bxc6+ bxc6 11. Rhe1 c5 12. Qd3 Be7 13. Qg3 g6 14. Nd5 Bh4 15. Qc3 Kd7 16. Nxc7 Qxc7 17. Rxd6+ Qxd6 18. Bxd6 Kxd6 19. Rd1+ Kc6 20. g3 Be7 21. f4 Rhd8 22. Re1 Rd4 23. h4 Rad8 24. f5 Bc8 25. Qf3 Kc7 26. f6 Bd6 27. Qa3 Bf8 28. g4 Bxg4 29. Qg3+ Kc6 30. Qxg4 h5 31. Qg5 a5 32. c3 Rd3 33. Kc2 c4 34. Qxa5 Bh6 35. Qa4+ Kc5 36. Qb4+ Kc6 37. Qxc4+ Kb6 38. Qxd3 Rxd3 39. Kxd3 Kc5 40. e5 Kd5 41. b4 1-0

[Event "Mittelfrankenliga-B2b 0708"]
[Site "Mittelfranken"]
[Date "2007.11.11"]
[Round "2.6"]
[White "Cesinger, Sascha"]
[Black "Huger, Horst"]
[Result "0-1"]
[WhiteElo "1710"]
[BlackElo "1791"]
[PlyCount "96"]
[EventDate "2007.10.14"]
[EventType "team-tourn"]
[EventRounds "9"]
[EventCountry "GER"]
[SourceTitle "EXT 2011"]
[Source "ChessBase"]
[SourceDate "2010.11.26"]
[SourceVersion "1"]
[SourceVersionDate "2010.11.26"]
[SourceQuality "1"]
[WhiteTeam "Bad Windsheim"]
[BlackTeam "Nuernberg SK 1911 II"]
[WhiteTeamCountry "GER"]
[BlackTeamCountry "GER"]

1. Nf3 Nf6 2. g3 d5 3. c4 dxc4 4. Na3 g6 5. Nxc4 Bg7 6. Bg2 0-0 7. 0-0 Be6 8. d3 Na6 9. Ng5 Bd5 10. Ne3 Bxg2 11. Kxg2 Nd5 12. Qb3 Nb6 13. Bd2 c6 14. Bc3 Nc7 15. Bxg7 Kxg7 16. Nf3 Ncd5 17. Nc4 a5 18. Nxb6 Qxb6 19. Qxb6 Nxb6 20. Rac1 Rfd8 21. d4 Rd7 22. e3 Rd5 23. Rc3 Rb5 24. Rc2 a4 25. a3 f6 26. Rd1 Ra6 27. Rdd2 Kf7 28. Ne1 Nd7 29. Nd3 h5 30. h4 g5 31. hxg5 fxg5 32. Nc5 Nxc5 33. Rxc5 Rab6 34. Rdc2 Rxc5 35. dxc5 Rb5 36. Kf3 Kf6 37. Ke4 e5 38. f4 exf4 39. exf4 g4 40. Kd4 Rb3 41. Rh2 Kg6 42. Rg2 Kf5 43. Rh2 Rxg3 44. Rxh5+ Kxf4 45. Rh8 Rb3 46. Rf8+ Kg3 47. Ra8 Kf2 48. Rxa4 g3 0-1